|
|
|
|
| LEADER |
01075nam a22002892a 4500 |
| 001 |
000278253 |
| 003 |
CZ BrMZK |
| 005 |
20110530121129.0 |
| 007 |
ta |
| 008 |
980105s1981 xr f f cze d |
| 015 |
|
|
|a cnb000162558
|
| 040 |
|
|
|a ABA001
|b cze
|c ABA001
|d ABA001
|
| 080 |
9 |
|
|a 634.1/.7
|
| 100 |
1 |
|
|a Urban, Vladimír
|7 jk01140833
|4 aut
|
| 245 |
1 |
0 |
|a Škola ovocnáře /
|c Vladimír Urban ; [pérovky Pavel Dvorský]
|
| 250 |
|
|
|a Vyd. 1.
|
| 260 |
|
|
|a Praha :
|b Státní zemědělské nakladatelství,
|c 1981
|
| 300 |
|
|
|a 513 s., [16] s. barev. obr. příl. :
|b il. ;
|c 21 cm
|
| 490 |
1 |
|
|a Rostlinná výroba
|
| 500 |
|
|
|a 80000 výt.
|
| 700 |
1 |
|
|a Dvorský, Pavel,
|d 1946-
|7 jn19981000825
|4 ill
|
| 830 |
|
0 |
|a Rostlinná výroba (Státní zemědělské nakladatelství)
|0 s
|
| 856 |
4 |
1 |
|u http://www.digitalniknihovna.cz/mzk/uuid/uuid:9a8e7440-8d64-11e3-997d-005056827e52
|y Digitalizovaný dokument
|x NDK
|
| 910 |
|
|
|a BOA001
|b 2-0841.275
|
| 990 |
|
|
|a BK
|
| 991 |
|
|
|b 201010
|
| 996 |
6 |
|
|b 2619886103
|c 2-0841.275
|l MZK
|r Sklad / do 1 hodiny
|n 7
|w 000278253
|u 000010
|a 1
|e BOA001
|j MZK50
|s P
|